00593nam a22002055a 4500001000700000003000900007005001700016008004100033010001700074020001500091040001800106050001500124082002000139245006300159260003400222300001800256504004200274650004000316700003100356177628DO-SdBJH20180719174208.0980923s1998 cl 000 0 spa  a 98200720  a9562051145 aDLCcDLCbspa00aIN PROCESS a327.1 S456 199800aSeguridad internacional, paz y democracia en el cono sur / aChile :bFLACSO-Chile,c1998. a221 páginas aincluye referencias bibliográficas  aRelaciones internacionales -- Chile aDominguez, Jorge eeditor.